| 000 | 00511nam a22001817a 4500 | ||
|---|---|---|---|
| 003 | dpl | ||
| 005 | 20180809124911.0 | ||
| 008 | 180726b xxu||||| |||| 00| 0 eng d | ||
| 020 |
_a8123727666 _c35.00 |
||
| 035 | _aB-8413, B-008416 | ||
| 040 |
_aDPL _bEN _c0 |
||
| 082 | _a305.2355 | ||
| 100 | _aSharma,Neerja | ||
| 245 |
_aUnderstanding Adolescence / _cby Neerja Sharma |
||
| 260 |
_aNew Delhi _bNational Book Trust _c1999 |
||
| 300 |
_axi,136p.; _c20cm |
||
| 942 |
_2ddc _cEN _h305.2355 _mSHA |
||
| 999 |
_c154888 _d154888 |
||